| 000 | 00347nam a2200133Ia 4500 | ||
|---|---|---|---|
| 008 | 210430s9999 xx 000 0 und d | ||
| 020 | _a1.541154220012E+15 | ||
| 082 | _a560 R239 P | ||
| 100 | _aDavid M.Raup | ||
| 245 |
_aPrinciples of Paleontology _cDavid M.Raup |
||
| 260 |
_aIndia _bCBS Publishers _c2004 |
||
| 300 | _a481p | ||
| 942 |
_cBK _2ddc |
||
| 999 |
_c562661 _d562661 |
||